Вокально-хоровая школа Виктора Сергеевича Попова (Запись № 1194626)

Подробности
000 -МАРКЕР
контрольное поле 02669nam0a2200421 4500
001 - ИДЕНТИФИКАТОР ЗАПИСИ
контрольное поле RU\NLR\bibl\1705655
005 - ИДЕНТИФИКАТОР ВЕРСИИ
контрольное поле 20260531050830.0
010 ## - МЕЖДУНАРОДНЫЙ СТАНДАРТНЫЙ НОМЕР КНИГИ (ISBN)
Номер (ISBN) 978-5-904217-13-7
Тираж 100
021 ## - НОМЕР ГОСУДАРСТВЕННОЙ РЕГИСТРАЦИИ
Код страны Российская Федерация
Номер 2010-85292
Номер Листа государственной регистраци 5696
035 ## - ДРУГИЕ СИСТЕМНЫЕ НОМЕРА
Идентификатор записи (nilc)RSL-KNO-004823507
035 ## - ДРУГИЕ СИСТЕМНЫЕ НОМЕРА
Идентификатор записи (NLR Aleph) 001696707
100 ## - ДАННЫЕ ОБЩЕЙ ОБРАБОТКИ
Данные общей обработки 20101108d2010 |||y0rusy50 ca
101 0# - ЯЗЫК РЕСУРСА
Язык текста, звукозаписи и т.д. русский
102 ## - СТРАНА ПУБЛИКАЦИИ ИЛИ ПРОИЗВОДСТВА
Страна публикации Российская Федерация
105 ## - ПОЛЕ КОДИРОВАННЫХ ДАННЫХ: ТЕКСТОВЫЕ МАТЕРИАЛЫ, МОНОГРАФИЧЕСКИЕ
Кодированные данные о монографическом текстовом документе y |||||||||
200 1# - ЗАГЛАВИЕ И СВЕДЕНИЯ ОБ ОТВЕТСТВЕННОСТИ
Основное заглавие Вокально-хоровая школа Виктора Сергеевича Попова
Сведения, относящиеся к заглавию к 75-летию со дня рождения Мастера
-- [материалы научно-практической конференции, состоявшейся конференции, состоявшейся в рамках Фестиваля вокально-хоровой музыки памяти В.С. Попова (Москва, 6 ноября 2009 г.)
Первые сведения об ответственности отв. ред. Д. Ю. Храмов]
210 ## - ПУБЛИКАЦИЯ, РАСПРОСТРАНЕНИЕ И ДР.
Место издания, распространения и т.д. Москва
Имя издателя, распространителя и т. д. Акад. хорового искусства
Дата издания, распространения и т.д. 2010
215 ## - ФИЗИЧЕСКАЯ ХАРАКТЕРИСТИКА
Специфическое обозначение материала и объем 87 с.
Размеры 21
225 1# - СЕРИЯ
Основное заглавие серии Библиотека Академии хорового искусства им. В.С. Попова
300 ## - ОБЩИЕ ПРИМЕЧАНИЯ
Текст примечания Загл. обл.: Вокально-хоровая школа В.С. Попова
300 ## - ОБЩИЕ ПРИМЕЧАНИЯ
Текст примечания В надзаг.: М-во культуры Российской Федерации, Акад. хорового искусства им. В.С. Попова
320 ## - ПРИМЕЧАНИЯ О НАЛИЧИИ В ДОКУМЕНТЕ БИБЛИОГРАФИИ / УКАЗАТЕЛЯ
Текст примечания Библиогр. в подстроч. примеч.
512 1# - ЗАГЛАВИЕ ОБЛОЖКИ
Заглавие обложки Вокально-хоровая школа В.С. Попова
600 #1 - ИМЯ ЛИЦА КАК ПРЕДМЕТ
Начальный элемент ввода Попов
Часть имени, кроме начального элемента ввода В.С.
Даты 1934 - 2008
Расширение инициалов личного имени Виктор Сергеевич
Формальный подзаголовок Съезды, совещания и т.п.
Системный номер авторитетной/нормативной записи 2580248
Идентификатор авторитетной/нормативной записи RU\NLR\auth\661525394
686 ## - ИНДЕКСЫ ДРУГИХ КЛАССИФИКАЦИЙ
Индекс Щ314-7р-3я431(2)
Код системы
686 ## - ИНДЕКСЫ ДРУГИХ КЛАССИФИКАЦИЙ
Индекс Щ314.1-73(2Р=Р)7-83Попов В.С.42я431(2)
Код системы
686 ## - ИНДЕКСЫ ДРУГИХ КЛАССИФИКАЦИЙ
Индекс Щ313(2Р=Рус)7-83Попов.я431
702 #1 - ИМЯ ЛИЦА - ВТОРИЧНАЯ ОТВЕТСТВЕННОСТЬ
Код отношения Редактор
Материалы, к которым относится поле rus
Графика поля Кириллица
Начальный элемент ввода Храмов
Часть имени, кроме начального элемента ввода Д. Ю.
Расширение инициалов личного имени Денис Юрьевич
Идентификатор авторитетной/нормативной записи RU\NLR\auth\7721757
Системный номер авторитетной/нормативной записи 4818
702 #1 - ИМЯ ЛИЦА - ВТОРИЧНАЯ ОТВЕТСТВЕННОСТЬ
Код отношения Прочие
Материалы, к которым относится поле rus
Графика поля Кириллица
Начальный элемент ввода Попов
Часть имени, кроме начального элемента ввода В. С.
Дополнения к именам, кроме дат хормейстер
Даты 1934-2008
Расширение инициалов личного имени Виктор Сергеевич
Идентификатор авторитетной/нормативной записи RU\NLR\auth\7784172
Системный номер авторитетной/нормативной записи 67100
711 12 - НАИМЕНОВАНИЕ ОРГАНИЗАЦИИ - АЛЬТЕРНАТИВНАЯ ОТВЕТСТВЕННОСТЬ
Начальный элемент ввода "Вокально-хоровая школа В. С. Попова", научно-практическая конференция
Дата проведения временной организации 2009
Место проведения временной организации Москва
Идентификатор авторитетной/нормативной записи RU\NLR\AUTH\8810180907
Системный номер авторитетной/нормативной записи 858267
712 02 - НАИМЕНОВАНИЕ ОРГАНИЗАЦИИ - ВТОРИЧНАЯ ОТВЕТСТВЕННОСТЬ
Код отношения Прочие
Начальный элемент ввода Академия хорового искусства им. В. С. Попова
Идентифицирующий признак Москва
Идентификатор авторитетной/нормативной записи RU\NLR\AUTH\8810086906
Системный номер авторитетной/нормативной записи 675497
801 #0 - ИСТОЧНИК ЗАПИСИ
Страна Российская Федерация
Организация RuMoRKP
Дата составления 20101108
Правила каталогизации rcr
801 #1 - ИСТОЧНИК ЗАПИСИ
Страна Российская Федерация
Организация RuMoRGB
Дата составления 20101108
801 #2 - ИСТОЧНИК ЗАПИСИ
Страна Российская Федерация
Организация NLR
Дата составления 20101125
Правила каталогизации rcr
942 ## - ДОПОЛНИТЕЛЬНЫЕ ЭЛЕМЕНТЫ ЗАПИСИ (АБИС)
Тип экземпляра АБИС Книга
980 ## - КОЛЛЕКЦИЯ
Название коллекции Национальная библиография
Экземпляры
Тип экземпляра Дата поступления Источник поступления Библиотека постоянного хранения Библиотека текущего хранения Место хранения Шифр хранения Штрих-код Статус экземпляра
Книга 25.11.2010 Обязательный экземпляр РНБ (Московский) РНБ (Московский) Русский книжный фонд: издания с 1957 года 2010-4/14136 1-766393  
Книга 25.11.2010 Обязательный экземпляр РНБ (Московский) РНБ (Московский) Русский книжный фонд: издания с 1957 года 2010-4/14136 3302897